Missing Word: Pokémon Moves (A-Z) Quiz Stats

 Plays Quiz Updated Jan 15, 2018

Challenge
Share
Tweet
Embed
Score 0/25 Timer 04:00
0 Plays Today
Letter Answer % Correct
JJump
87.5%
BBeam
82.4%
LLight
74.3%
DDrain
73.4%
MMind
71.2%
GGleam
67.2%
TTake
65.9%
ZZap
64.1%
FFuture
64%
NNight
63%
PPower
62.5%
KKnot
60.8%
SSpin
60.1%
Letter Answer % Correct
RRock
59%
VVoice
57.5%
IIcicle
56.5%
AAir
56.3%
YYou
53.7%
OOminous
52.8%
QQuiver
52.6%
HHeavy
52.6%
WWild
51.9%
CCotton
51.8%
EEgg
50.7%
UUppercut
50%

Today's Daily Dose

Missing Word
Top 10 Artists

Word Ladder
'70s Song II

On This Day
October 20th II

You're not logged in!

Compare scores with friends on all Sporcle quizzes.
Join for Free
OR
Log In

You Might Also Like...

Show Comments

Extras

Top Quizzes Today


Score Distribution

Your Account Isn't Verified!

In order to create a playlist on Sporcle, you need to verify the email address you used during registration. Go to your Sporcle Settings to finish the process.

Report this User

Report this user for behavior that violates our Community Guidelines.

Details: